000 00633nam a2200241Ia 4500
003 OSt
005 20221007082325.0
006 a|||||r|||| 00| 0
007 ta
008 221006b |||||||| |||| 00| 0 eng d
024 _a29,924
037 _cReports / Technical Reports
040 _aFLL
_cFLL
_beng
041 _2eng
_aeng
082 _aX:545S6:N8, K7,A
110 _aUnited Nations
245 0 _aForeign trade statistics for Africa
260 _c1967
300 _avi,100p
_ccm.
700 _aUnited Nations
942 _hX:545S6:N8, K7,A
_cREP
_2CC
999 _c1166063
_d1166063